00781naa a22001451i 4500003000900000005001700009008004100026040001600067041000800083100013000091245014200221500002800363700013300391773011100524KOSZ 00520171207135530.0171106s2006 pl ||||f |||| |0| 0 eng d cKOSZ 005/ac aeng1 aSŁOWIK, Adam.d2005 - .bPolitechnika Koszalińska - Wydział Elektroniki i Informatyki,cKatedra Inżynierii Komputerowej10aEvolutionary design and optimization of combinational digital circuits with respect to transistor count /cAdam Słowik, Michał Białko. aDane z listy A.Słowik.1 aBIAŁKO, Michał.d1996 - .bPolitechnika Koszalińska - Wydział Elektroniki i Informatyki,cKatedra Inżynierii Komputerowej0 iW :tBulletin of the Polish Academy of Sciences - Technical Sciences. -g2006, Vol. 54, no 4, pp. 437-442.